| 000 | 00540nam a22001815i 4500 | ||
|---|---|---|---|
| 001 | 48416 | ||
| 003 | ES-MaACL | ||
| 005 | 20251005063041.0 | ||
| 007 | t| | ||
| 008 | 950714s1875 fr ||||1| fre d | ||
| 040 |
_aCAM _bspa _cCAM |
||
| 100 | 1 |
_aDebay, Auguste, _d1802-1890 _943113 |
|
| 245 | 1 | 3 |
_aLa cornue vivante et ses mystères ou le laboratoire de la vie / _cpar A. Debay. |
| 260 |
_aParis : _bA. Dentu, _c1875 ( _fD. Thièry) |
||
| 300 |
_a[4], 406 p. ; _c19 cm. |
||
| 852 |
_aES-MaACL _jD-1522 |
||
| 999 |
_c48416 _d48416 |
||